| 000 | 00699nam a22001937a 4500 | ||
|---|---|---|---|
| 999 |
_c1760 _d1760 |
||
| 003 | AR-CdUCM | ||
| 008 | 190227b ||||| |||| 00| 0 spa d | ||
| 040 |
_aMUNICIPALIDAD PROVINCIAL DEL CUSCO _cBIBLIOTECA MUNICIPAL DEL CUSCO |
||
| 082 |
_a323.39 / _bM26 |
||
| 100 |
_aMarx, Carlos _92702 |
||
| 245 | _aLas luchas de clases en Francia de 1848 a 1850 / | ||
| 260 |
_aHabana : _bCiencias Sociales , _c1973. |
||
| 300 |
_a215 páginas ; _c16 cm. |
||
| 505 | _aLucha de clases -- La derrota de junio de 1848 -- El 13 de junio de 1848 -- Las consecuencias del 13 de junio... | ||
| 650 |
_aLucha de clases. _94818 |
||
| 650 |
_aEl proletariado. _94374 |
||
| 942 |
_2ddc _cLIBROS |
||
| 945 |
_awfj _d2019-02-27 |
||